| 000 | 01607nam a2200205 a 4500 | ||
|---|---|---|---|
| 005 | 20200104041556.0 | ||
| 008 | 140124b2005 ck ||||| |||| 00| 0 spa d | ||
| 040 | _cCO-BoIH | ||
| 041 | _aspa | ||
| 044 | _ack | ||
| 090 |
_aIAVH _b00498 |
||
| 110 |
_bInstituto de Investigación de Recursos Biológicos Alexander von Humboldt _9204 |
||
| 245 | _aProblemática de las especies exóticas | ||
| 260 |
_aBogotá _bInstituto Alexander von Humboldt _c2005 |
||
| 300 | _a162 p. | ||
| 520 | _aEl primer capítulo de este estudio trata de la introducción de especies exóticas: un fenómeno global de pérdida de la diversidad biológica. Presenta las diferentes definiciones que se utilizan, una síntesis del conocimiento actual sobre invasiones biológicas y estudia la situación global y regional. El segundo capítulo analiza en detalle los riesgos de las introducciones, los transplantes y las especies invasoras, y plantea medidas y directrices para su prevención y control, refiriéndose en particular a los principios rectores establecidos en el mundo entero para, entre otros, mitigar el impacto derivado de especies exóticas. Plantea acciones a corto, mediano y largo plazo, lineamientos de educación y concientización ciudadana. Contiene un anexo con estudios de caso en el mundo.El tercer capítulo se refiere a la introducción, el transplante y la repoblación y explora el marco normativo nacional e internacional y el marco institucional. Cada capítulo viene acompañado de extensa bibliografía | ||
| 650 |
_aEspecies exóticas _929794 |
||
| 942 |
_cINFORME _2z _03 |
||
| 945 | _d2006-01-13 | ||
| 999 |
_c5143 _d5143 |
||